000 00325nam a2200145Ia 4500
008 230718s9999 xx 000 0 und d
041 _aEng.
082 _a352
_bBPP-B
100 _aBpp Learning
245 0 _aBusiness Taxation
260 _aPakistan
_bBpp Publisher
_c2001
300 _a124
650 _aLaw
999 _c27320
_d27320